| 000 | 00600nam a2200229 i 4500 | ||
|---|---|---|---|
| 001 | C2-0099415 | ||
| 003 | PPAK | ||
| 005 | 20180727094743.0 | ||
| 008 | 970527s1986 enka|||| ||||| | eng d | ||
| 040 |
_aPPAK _beng _cPPAK _erda |
||
| 082 | 0 | 4 |
_a599.092 _223 |
| 090 | 0 | 0 |
_a599.092 _bSEA _dR |
| 245 | 0 | 0 | _aSea mammals |
| 264 | 1 |
_aMiddlesex : _bThe Leisure Circle , _c1986 |
|
| 300 |
_axvi, 144 pages : _bcolour illustrations ; _c29 cm |
||
| 336 |
_2rdacontent _atext |
||
| 337 |
_2rdamedia _aunmediated |
||
| 338 |
_2rdacarrier _avolume |
||
| 650 | 1 | 0 | _aMammals |
| 700 | _eauthor | ||
| 942 |
_ddc _cB |
||
| 999 |
_c22168 _d22168 |
||